| 000 | 00946nas a2200301 4500 | ||
|---|---|---|---|
| 001 | BR0501304 | ||
| 003 | BR-BrBNA | ||
| 005 | 20231205105238.0 | ||
| 007 | ta | ||
| 008 | 230509b bl.|||p| |||| 00| 00por d | ||
| 040 |
_aBR-BrBNA _bpor _cBiblioteca Nacional de Agricultura |
||
| 041 | _a(Pt) | ||
| 072 | _aQ03; E12 | ||
| 100 | 1 | _aCavalli, S.B. | |
| 100 | 1 | _aSalay, E. | |
| 245 | 1 | _aSegurança do alimento e recursos humanos: estudo exploratório em restaurantes comerciais dos municípios de Campinas, SP e Porto Alegre, RS | |
| 650 | _aALIMENTO | ||
| 650 | _aCONTROLE DE QUALIDADE | ||
| 650 | _aAPPCC | ||
| 650 | _aMÉTODO | ||
| 650 | _aMÃO-DE-OBRA | ||
| 650 | _aFORMAÇÃO PROFISSIONAL | ||
| 650 | _aSÃO PAULO | ||
| 650 | _aRIO GRANDE DO SUL | ||
| 773 | 0 |
_tHigiene Alimentar (Brazil) _xISSN 0101-9171 _g(Nov-Dec 2004), v. 18(126-127) p. 29-35 _wBR0501304 |
|
| 909 |
_a202311 _bLúcia _c55 _dLúcia Elande |
||
| 942 |
_2AGRIS _n0 _cANA |
||
| 999 |
_c181967 _d181967 |
||